| 000 | 00924cam a2200253 i 4500 | ||
|---|---|---|---|
| 001 | 41445 | ||
| 005 | 20230410120722.0 | ||
| 008 | 070903b1973 fr 000 0 fre | ||
| 041 | 0 | _afre | |
| 050 | 1 | 4 |
_aHT 1107 _bP519e 1973 |
| 082 | 0 | 0 | _a306/.362/0972976 |
| 100 | 1 |
_aPeytraud, Lucien Pierre, _d1858- |
|
| 245 | 1 | 2 |
_aL'esclavage aux antilles francaises avant 1789 : _bd'aprés des documents inédits des archives coloniales. / _cLucien Peytraud |
| 260 |
_aPointe-à-Pitre : _bDesormeaux, _c1973 |
||
| 300 |
_axxiii, 477 p. ; _c22 cm. |
||
| 440 | 0 | _aCollection Histoire de l’esclavage aux Antilles | |
| 500 | _aOriginally presented as the author’s thesis (doctoral--Paris) | ||
| 650 | 0 | _aSlavery | |
| 650 | 0 |
_aSlavery _zWest Indies, French _xHistory _y17th century. |
|
| 650 | 0 |
_aSlavery _zWest Indies, French _xHistory _y18th century. |
|
| 650 | 4 | _aCEH | |
| 650 | 4 | _aColeccion Estudios Haitianos | |
| 942 |
_2lcc _cbk |
||
| 999 |
_c50505 _d50505 |
||